Loading...
Caste nationalism and ethnicity : Interpretation of Tamil cultural history and social order /
| Hovedforfatter: | |
|---|---|
| Format: | Printed Book |
| Udgivet: |
Bombay.
Popular Prakashan ,
1987.
|
| Fag: |
| LEADER | 00479cam a2200133ua 4500 | ||
|---|---|---|---|
| 999 | |c 32964 |d 32964 | ||
| 082 | 1 | 4 | |a 305.5122 |b PAN-C |
| 100 | 1 | |a Pandian, J . | |
| 245 | 1 | 0 | |a Caste nationalism and ethnicity : |b Interpretation of Tamil cultural history and social order / |
| 260 | |a Bombay. |b Popular Prakashan , |c 1987. | ||
| 300 | |a 170p.; | ||
| 650 | 0 | |a Caste | |
| 942 | |c BK | ||
| 952 | |0 0 |1 0 |4 0 |6 305_512200000000000_PANC |7 0 |9 42292 |a KU |b KU |d 2015-07-05 |g 150.00 |l 0 |o 305.5122 PAN-C |p AN00654 |r 2015-07-05 |y BK | ||